Central Library OPAC University of Rajshahi

Pivoting and extensions : (Record no. 8240)

MARC details
000 -LEADER
fixed length control field 01977cam a2200313 p 4500
001 - CONTROL NUMBER
control field 8240
003 - CONTROL NUMBER IDENTIFIER
rucl marc code BD-RjUL
005 - DATE AND TIME OF LATEST TRANSACTION
control field 20211208234540.0
008 - FIXED-LENGTH DATA ELEMENTS--GENERAL INFORMATION
fixed length control field 180114s1974 ne c b 010 0 eng
020 ## - INTERNATIONAL STANDARD BOOK NUMBER
International Standard Book Number 0444107274 (American Elsevier)
035 ## - SYSTEM CONTROL NUMBER
System control number (BD-RjUL)8285
040 ## - CATALOGING SOURCE
Original cataloging agency DLC
Transcribing agency DLC
Modifying agency DLC
-- BD-RjUL
Language of cataloging eng
041 ## - LANGUAGE CODE
Language code of text/sound track or separate title eng
082 00 - DEWEY DECIMAL CLASSIFICATION NUMBER
Classification number 519.7
Edition number 18
Author mark and year PIV 1974
245 00 - TITLE STATEMENT
Title Pivoting and extensions :
Remainder of title in honor of A. W. Tucker /
Statement of responsibility, etc. ed. by M. L. Balinski.
260 ## - PUBLICATION, DISTRIBUTION, ETC. (IMPRINT)
Place of publication, distribution, etc. Amsterdam :
Name of publisher, distributor, etc. North-Holland Pub. Co. ;
Place of publication, distribution, etc. New York :
Name of publisher, distributor, etc. American Elsevier Pub. Co.,
Date of publication, distribution, etc. 1974.
300 ## - PHYSICAL DESCRIPTION
Pagination vii, 205 p. :
Illustrations port. ;
Size 24 cm.
504 ## - BIBLIOGRAPHY, ETC. NOTE
Bibliography, etc "Bibliography of Albert William Tucker to July 1974": p. [4]-9.
Bibliography, etc Includes bibliographies.
505 0# - FORMATTED CONTENTS NOTE
Formatted contents note Adler, I. Lower bounds for maximum diameters of polytopes.--Adler, I. and Dantzig, G. B. Maximum diameter of abstract polytopes.--Adler, I., Dantzig, G. B., and Murty, K. G. Existence of A-avoiding paths in abstract polytopes.--Balinski, M. L. On two special classes of transportation polytopes.--Cottle, R. W. Solution rays for a class of complementarity problems.--Duffin, R. J. Fourier's analysis of linear inequality systems.--Eaves, B. C. Solving piecewise linear convex equations.--Fulkerson, D. R., Hoffman, A. J., and Oppenheim, R. On balanced matrices.--Griesmer, J. H. Derivation of a bound for error-correcting codes using pivoting techniques.--Kuhn, H. W. A new proof of the fundamental theorem of algebra.--Maurer, S. Pivotal theory of determinants.--Shapley, L. S. A note of the Lemke-Howson method.--Wolfe, P. Algorithm for a least-distance programming problem.
600 10 - SUBJECT ADDED ENTRY--PERSONAL NAME
Personal name Tucker, Albert W.
Fuller form of name (Albert William),
Dates associated with a name 1905-1995
650 #0 - SUBJECT ADDED ENTRY--TOPICAL TERM
Topical term or geographic name as entry element Programming (Mathematics)
9 (RLIN) 24868
700 1# - ADDED ENTRY--PERSONAL NAME
Personal name Tucker, Albert W.
Fuller form of name (Albert William),
Dates associated with a name 1905-1995.
Personal name Balinski, M. L.
942 ## - ADDED ENTRY ELEMENTS (KOHA)
Source of classification or shelving scheme Dewey Decimal Classification
Koha item type Books
Holdings
Lost status Source of classification or shelving scheme Damaged status Not for loan Permanent Location Current Location Shelving location Date acquired Source of acquisition Cost, normal purchase price Total Checkouts Full call number Date last seen Copy number Koha item type
  Dewey Decimal Classification   Not For Loan Central Library, University of Rajshahi Central Library, University of Rajshahi   17/04/1979 Netherland 0.00   519.7 PIV 1974 18/01/2014 C-1 Books